Archbold : criminal pleading, evidence and practice 2020 (Record no. 84893)
[ view plain ]
| 000 -LEADER | |
|---|---|
| fixed length control field | 00672 a2200229 4500 |
| 003 - CONTROL NUMBER IDENTIFIER | |
| control field | CBULib |
| 005 - DATE AND TIME OF LATEST TRANSACTION | |
| control field | 20240419095751.0 |
| 008 - FIXED-LENGTH DATA ELEMENTS--GENERAL INFORMATION | |
| fixed length control field | 240418b |||||||| |||| 00| 0 eng d |
| 020 ## - INTERNATIONAL STANDARD BOOK NUMBER | |
| International Standard Book Number | 9780414074071 |
| 040 ## - CATALOGING SOURCE | |
| Language of cataloging | English |
| Transcribing agency | CBULib |
| Description conventions | rda |
| 041 ## - LANGUAGE CODE | |
| Language code of text/sound track or separate title | eng |
| 050 ## - LIBRARY OF CONGRESS CALL NUMBER | |
| Classification number | KD 94.E6 Luc |
| 100 ## - MAIN ENTRY--PERSONAL NAME | |
| Personal name | Lucraft, H.H |
| 9 (RLIN) | 2876 |
| 245 ## - TITLE STATEMENT | |
| Title | Archbold : criminal pleading, evidence and practice 2020 |
| Statement of responsibility, etc | / H.HJ M. Lucraft |
| 260 ## - PUBLICATION, DISTRIBUTION, ETC. (IMPRINT) | |
| Name of publisher, distributor, etc | Sweet & Maxwell, |
| Date of publication, distribution, etc | 2020 |
| Place of publication, distribution, etc | London : |
| 300 ## - PHYSICAL DESCRIPTION | |
| Extent | cccxcv, 3545 pages |
| 336 ## - CONTENT TYPE | |
| Source | rdacontent |
| Content type term | Text | |
| Content type code | txt |
| 337 ## - MEDIA TYPE | |
| Source | rdamedia |
| Media type term | Unmediated | |
| Media type code | n |
| 338 ## - CARRIER TYPE | |
| Source | rdacarrier |
| Carrier type term | Volume |
| Carrier type code | nc |
| 650 #0 - SUBJECT ADDED ENTRY--TOPICAL TERM | |
| 9 (RLIN) | 2887 |
| Topical term or geographic name as entry element | CRIMINAL PROCEDURE |
| 942 ## - ADDED ENTRY ELEMENTS (KOHA) | |
| Source of classification or shelving scheme | |
| Koha item type | MONOGRAPH |
| Withdrawn status | Lost status | Source of classification or shelving scheme | Damaged status | Not for loan | Collection code | Permanent Location | Current Location | Shelving location | Date acquired | Source of acquisition | Full call number | Barcode | Date last seen | Copy number | Price effective from | Koha item type |
|---|---|---|---|---|---|---|---|---|---|---|---|---|---|---|---|---|
| Main Library Open Access Collection | CBU-MAIN LIBRARY, KITWE. | CBU-MAIN LIBRARY, KITWE. | General Stacks | 04/18/2024 | DON-BOOKAID | KD 94.E6 Luc | 752672 | 04/18/2024 | 1 | 04/18/2024 | MONOGRAPH |